| 000 | 00487fam a2200157 a 4500 | ||
|---|---|---|---|
| 020 | _a0131810669 | ||
| 050 | 0 | 0 |
_aHF5686.C8 _bH59 1994 |
| 100 | 1 |
_aHorngren, Charles T., _d1926- |
|
| 245 | 1 | 0 |
_aCost accounting : _ba managerial emphasis / _cCharles T. Horngren, George Foster, Srikant M. Datar. |
| 250 | _a8th ed. | ||
| 260 |
_aEnglewood Cliffs, N.J. : _bPrentice Hall, _c1994. |
||
| 300 | _axxii, 969 p. : | ||
| 700 | 1 | _aFoster, George, | |
| 700 | 1 | _aDatar, Srikant M. | |
| 942 |
_2lcc _cGEN |
||
| 999 |
_c10032 _d10032 |
||